| 000 | 01001nam a2200289 i 4500 | ||
|---|---|---|---|
| 001 | bg | ||
| 001 | b19106233 | ||
| 100 | 1 | _aZabielska-Adamska, Katarzyna. | |
| 245 | 1 | 0 |
_aPopiół lotny jako materiał do budowy warstw uszczelniających / _cKatarzyna Zabielska-Adamska. |
| 260 |
_aBiałystok : _bWydawnictwo Politechniki Białostockiej, _c2006. |
||
| 300 |
_a194 s. : _bil. (w tym kolor.) ; _c23 cm. |
||
| 490 | 1 |
_aRozprawy Naukowe / Politechnika Białostocka, _x0867-096X ; _vnr 136 |
|
| 504 | _aBibliogr. przy rozdz. | ||
| 546 | _aStreszcz. ang. | ||
| 650 | 9 |
_aOdpady energetyczne _xgospodarka |
|
| 650 | 9 |
_aPopiół lotny _xstosowanie _xbudownictwo |
|
| 650 | 9 |
_aUszczelnienia _xmateriały |
|
| 830 | 0 |
_aRozprawy Naukowe - Politechnika Białostocka _x0867-096X _vnr 136 |
|
| 015 | _aPB 23363/2007 | ||
| 040 | _cBPK | ||
| 041 | 0 |
_apol _beng |
|
| 044 | _aPOL | ||
| 080 | _a662.6:628.477.038:691 | ||
| 942 | _cKS | ||
| 008 | 080313s2006 pl a |000 0 pol | ||
| 999 |
_c54224 _d54224 |
||
| 856 |
_uhttp://koha.tu.koszalin.pl/cgi-bin/koha/opac-detail.pl?biblionumber=54224 _yKatalog online BPK |
||